000 00464nam a2200181Ia 4500
005 20250508152826.0
008 008 250505s9999 xx 000 0 hin d
037 _aTextual
040 _aFEDL
_beng
_cFEDL
041 _ahin
_2eng
084 _aFH, GUR
_qFEDL
100 _aGurudutt
245 0 _aPragatisheel
260 _aNew Delhi, India
_bBharti Sahitya Sadan
_c1962
300 _a151p.
942 _cTEXL
_hFH, GUR
999 _c1339002
_d1339002